000 00866cam a2200289 4500
008 090401t1993 xxu||||| |||| 00| 0 eng d
020 _a075060350X
035 _a(Sirsi) u50273
041 _aeng
050 _a338.4369
100 _aHarvey, Roger C.
245 4 _aThe construction industry of Great Britain.
260 _aOxford
_bButterworth-Heinemann
_c1993
300 _ax, 292p. ; 24cm.
350 _a14.95
520 _aThis book gives a detailed picture of Britain`s construction industry and how it operates.
650 _aBUILDING CAPITAL
650 _aBUILT ENVIRONMENT-BUILDING CONTRACT FORMS
650 _aBUILDING INVESTMENT
650 _aBUILDING PROCUREMENT
650 _aCONSTRUCTION FIRMS
650 _aCONSTRUCTION INDUSTRY
690 _aBUILT ENVIRONMENT
700 _aAshworth, Allan
942 _n0
948 _c04/03/1997
999 _c92685
_d92685